[Event "First Saturday 2008 oktober FM-A"]
[Site "?"]
[Date "2008.10.14"]
[Round "11"]
[White "Torok, Tamas Titusz"]
[Black "Tesik, Csaba"]
[Result "1-0"]
[WhiteElo "2109"]
[BlackElo "2093"]
[PlyCount "91"]
[EventDate "2008.10.04"]

1. b3 e5 2. Bb2 Nc6 3. c4 Nf6 4. e3 Be7 5. a3 O-O 6. d3 d5 7. cxd5 Nxd5 8. Nf3
Bf6 9. Nbd2 g6 10. Be2 Bg7 11. O-O Bd7 12. Qc2 Qe7 13. b4 a6 14. Nb3 Rad8 15.
Nc5 Bc8 16. Nxa6 g5 17. Rac1 g4 18. Nd2 Rd6 19. Nc5 Rh6 20. g3 Qg5 21. Nde4 Qh5
22. h4 Nde7 23. Rfe1 f5 24. Ng5 Bf6 25. f4 gxf3 26. Bxf3 Qg6 27. b5 Nd8 28. Qg2
Qg7 29. Nxb7 Bxb7 30. Bxb7 Bxg5 31. hxg5 Rg6 32. Rc5 Nf7 33. a4 Rxg5 34. Kf2
Nh6 35. Bf3 Ng4+ 36. Ke2 Rh5 37. Rh1 Qh6 38. Rxe5 Rxh1 39. Qxh1 Qxh1 40. Bxh1
Nxe5 41. Bxe5 Kf7 42. Bxc7 Ke6 43. b6 Kd7 44. a5 Nc6 45. a6 Re8 46. Bf4 1-0

[Event "First Saturday 2008 oktober FM-A"]
[Site "?"]
[Date "2008.10.14"]
[Round "11"]
[White "Teglas, Balazs"]
[Black "Henrichsen, Jens"]
[Result "1/2-1/2"]
[WhiteElo "2173"]
[BlackElo "1987"]
[PlyCount "108"]
[EventDate "2008.10.04"]

1. d4 Nf6 2. Bf4 e6 3. e3 c5 4. c3 b6 5. Nd2 Ba6 6. Bxa6 Nxa6 7. Nc4 Qc8 8. Nf3
cxd4 9. Qxd4 Qc5 10. Qd3 Qd5 11. Qxd5 Nxd5 12. Nd6+ Bxd6 13. Bxd6 Nc5 14. c4
Ne4 15. Ba3 Ne7 16. Ke2 Nc6 17. Rhd1 f6 18. Nd4 Nxd4+ 19. Rxd4 f5 20. f3 Nf6
21. g4 fxg4 22. fxg4 e5 23. Rd2 Rc8 24. b3 Nxg4 25. Rg1 h5 26. h3 Nf6 27. Rxg7
Rh7 28. Rxh7 Nxh7 29. Rd5 Nf6 30. Rxe5+ Kf7 31. Bb2 Rg8 32. Kf3 Rg1 33. Kf2 Rb1
34. Bd4 Kg6 35. Re7 Rh1 36. Bxf6 Kxf6 37. Rxd7 Rh2+ 38. Kg3 Rxa2 39. Kh4 Ke6
40. Rd3 Rh2 41. b4 Rc2 42. Rd4 Rc3 43. Kxh5 Rxe3 44. h4 a5 45. bxa5 bxa5 46.
Kg6 Rg3+ 47. Kh6 a4 48. c5 a3 49. h5 a2 50. Ra4 Rg2 51. Kh7 Kd5 52. h6 Kxc5 53.
Kh8 Kb5 54. h7 Kxa4 1/2-1/2

[Event "First Saturday 2008 oktober FM-A"]
[Site "?"]
[Date "2008.10.14"]
[Round "11"]
[White "Cox, Tristan A"]
[Black "Borda, Lajos"]
[Result "1-0"]
[WhiteElo "2133"]
[BlackElo "2167"]
[PlyCount "45"]
[EventDate "2008.10.04"]

1. Nf3 c5 2. c4 Nf6 3. Nc3 d5 4. cxd5 Nxd5 5. e4 Nc7 6. d4 cxd4 7. Qxd4 Qxd4 8.
Nxd4 e5 9. Nb3 Bb4 10. Bd2 Be6 11. Nc1 Nd7 12. Nd3 Be7 13. Rc1 O-O 14. Be2 Rfc8
15. O-O b5 16. Bf3 Bc4 17. Be2 b4 18. Nxb4 Nb6 19. Nc6 Bf6 20. Be3 Ne6 21. Nxa7
Rxa7 22. Bxb6 Rb7 23. Nd5 1-0

[Event "First Saturday 2008 oktober FM-A"]
[Site "?"]
[Date "2008.10.14"]
[Round "11"]
[White "Jensen, Leif"]
[Black "Lantos, Attila"]
[Result "1/2-1/2"]
[WhiteElo "2036"]
[BlackElo "1957"]
[PlyCount "122"]
[EventDate "2008.10.04"]

1. e4 c5 2. g3 e6 3. Bg2 Qc7 4. d3 a6 5. f4 d6 6. Nf3 Nc6 7. c3 Be7 8. O-O h5
9. h3 Bd7 10. a3 Qb6 11. Kh2 h4 12. g4 Nf6 13. Qe2 Na5 14. Nbd2 Nb3 15. Nxb3
Qxb3 16. Nd2 Qb6 17. Nc4 Qc7 18. Ne3 Bc6 19. Bd2 Nd7 20. Kh1 Nb6 21. Rae1 O-O-O
22. Kg1 g5 23. fxg5 Rdf8 24. Nd5 exd5 25. exd5 Nxd5 26. Bxd5 Bxd5 27. Qxe7 Qc6
28. Rf2 Re8 29. Qf6 Rxe1+ 30. Bxe1 Re8 31. Bd2 Be6 32. c4 Qa4 33. Qf3 Qc2 34.
Bc3 Qc1+ 35. Rf1 Qxg5 36. Qf4 Qd8 37. b4 cxb4 38. Bxb4 Qb6+ 39. c5 dxc5 40. Rc1
c4+ 41. Qf2 Qxf2+ 42. Kxf2 b5 43. dxc4 Bxc4 44. Re1 Rd8 45. Re3 Rd1 46. Kf3 f5
47. gxf5 Rd4 48. f6 Bd5+ 49. Ke2 Rf4 50. Be7 Kd7 51. Rd3 Ke6 52. Re3+ Kf7 53.
Re5 Be6 54. Re3 Rc4 55. Kd2 Bf5 56. Rc3 Rxc3 57. Kxc3 Bxh3 58. Kd2 Bf1 59. Ke1
Bc4 60. Kf2 h3 61. Kg3 Be6 1/2-1/2

[Event "First Saturday 2008 oktober FM-A"]
[Site "?"]
[Date "2008.10.14"]
[Round "11"]
[White "Teglas, Balazs"]
[Black "Henrichsen, Jens"]
[Result "1/2-1/2"]
[WhiteElo "2173"]
[BlackElo "1987"]
[PlyCount "110"]
[EventDate "2008.10.04"]

1. d4 Nf6 2. Bf4 e6 3. e3 c5 4. c3 b6 5. Nd2 Ba6 6. Bxa6 Nxa6 7. Nc4 Qc8 8. Nf3
cxd4 9. Qxd4 Qc5 10. Qd3 Qd5 11. Qxd5 Nxd5 12. Nd6+ Bxd6 13. Bxd6 Nc5 14. c4
Ne4 15. Ba3 Ne7 16. Ke2 Nc6 17. Rhd1 f6 18. Nd4 Nxd4+ 19. Rxd4 f5 20. f3 Nf6
21. g4 fxg4 22. fxg4 e5 23. Rd2 h6 24. Rf1 Rc8 25. b3 Nxg4 26. Rg1 h5 27. h3
Nf6 28. Rxg7 Rh7 29. Rxh7 Nxh7 30. Rd5 Nf6 31. Rxe5+ Kf7 32. Bb2 Rg8 33. Kf3
Rg1 34. Kf2 Rb1 35. Bd4 Kg6 36. Re7 Rh1 37. Bxf6 Kxf6 38. Rxd7 Rh2+ 39. Kg3
Rxa2 40. Kh4 Ke6 41. Rd3 Rh2 42. b4 Rc2 43. Rd4 Rc3 44. Kxh5 Rxe3 45. h4 a5 46.
bxa5 bxa5 47. Kg6 Rg3+ 48. Kh6 a4 49. c5 a3 50. h5 a2 51. Ra4 Rg2 52. Kh7 Kd5
53. h6 Kxc5 54. Kh8 Kb5 55. h7 Kxa4 1/2-1/2